000 00512nam a22001577a 4500
003 OSt
005 20151104143208.0
008 151104b xxu||||| |||| 00| 0 eng d
040 _cRUA
082 _aFOR សូ 1993 B119 Or.1
100 _93345
_aសូ ផល្លា
245 _aស្រាវជ្រាវការដល់អាយុធ្វើអាជីវកម្ម នៃដើមឈើស្រស់;
260 _aPhnom Penh
_bRUA
_c1993
300 _a60p.
_bill.
_c29cm.
942 _2ddc
_cFOR
999 _c3118
_d3118